Random Capitals are Missing - Statistics

General Stats
  • This quiz has been taken 48 times
  • The average score is 7 of 20
Answers on the Map
Answers color-coded by a green-red scale on the quiz's map according to % correct below.
 
Answer Stats
Capital % Correct
Baghdad
100%
Bangui
100%
Bogotá
100%
Brasília
100%
Buenos Aires
100%
Canberra
100%
Dakar
100%
Damascus
100%
Georgetown
100%
Khartoum
100%
Lima
100%
Luxembourg
100%
Majuro
100%
Nairobi
100%
Nassau
100%
N'Djamena
100%
Ottawa
100%
Pyongyang
100%
Riyadh
100%
Sana'a
100%
Santiago
100%
South Tarawa
100%
Suva
100%
Valletta
100%
Mexico City
67%
Abu Dhabi
50%
Abuja
50%
Algiers
50%
Andorra la Vella
50%
Asmara
50%
Beijing
50%
Havana
50%
Honiara
50%
Jakarta
50%
Nouakchott
50%
Reykjavík
50%
Sri Jayawardenepura Kotte
50%
Yerevan
50%
Belgrade
33%
Libreville
33%
Accra
0%
Addis Ababa
0%
Amman
0%
Amsterdam
0%
Ankara
0%
Antananarivo
0%
Apia
0%
Ashgabat
0%
Asunción
0%
Athens
0%
Baku
0%
Bamako
0%
Bandar Seri Begawan
0%
Bangkok
0%
Banjul
0%
Basseterre
0%
Beirut
0%
Belmopan
0%
Berlin
0%
Bern
0%
Bishkek
0%
Bissau
0%
Bratislava
0%
Brazzaville
0%
Bridgetown
0%
Brussels
0%
Bucharest
0%
Budapest
0%
Cairo
0%
Caracas
0%
Castries
0%
Chișinău
0%
Conakry
0%
Copenhagen
0%
Dhaka
0%
Dili
0%
Djibouti
0%
Dodoma
0%
Doha
0%
Dublin
0%
Dushanbe
0%
Freetown
0%
Funafuti
0%
Gaborone
0%
Gitega
0%
Guatemala City
0%
Hanoi
0%
Harare
0%
Helsinki
0%
Islamabad
0%
Jerusalem
0%
Juba
0%
Kabul
0%
Kampala
0%
Kathmandu
0%
Kiev
0%
Kigali
0%
Kingston
0%
Kingstown
0%
Kinshasa
0%
Kuala Lumpur
0%
Kuwait City
0%
La Paz or Sucre
0%
Lilongwe
0%
Lisbon
0%
Ljubljana
0%
Lomé
0%
London
0%
Luanda
0%
Lusaka
0%
Madrid
0%
Malabo
0%
Malé
0%
Managua
0%
Manama
0%
Manila
0%
Maputo
0%
Maseru
0%
Mbabane
0%
Minsk
0%
Mogadishu
0%
Monaco
0%
Monrovia
0%
Montevideo
0%
Moroni
0%
Moscow
0%
Muscat
0%
Naypyidaw
0%
New Delhi
0%
Ngerulmud
0%
Niamey
0%
Nicosia
0%
Nukuʻalofa
0%
Nur-Sultan
0%
Oslo
0%
Ouagadougou
0%
Palikir
0%
Panama City
0%
Paramaribo
0%
Paris
0%
Phnom Penh
0%
Podgorica
0%
Port-au-Prince
0%
Port Louis
0%
Port Moresby
0%
Port-of-Spain
0%
Porto-Novo or Cotonou
0%
Port Vila
0%
Prague
0%
Praia
0%
Pretoria, Cape Town, or Bloemfontein
0%
Pristina
0%
Quito
0%
Rabat
0%
Riga
0%
Rome / Vatican
0%
Roseau
0%
Saint George's
0%
Saint John's
0%
San José
0%
San Marino
0%
San Salvador
0%
Santo Domingo
0%
São Tomé
0%
Sarajevo
0%
Seoul
0%
Singapore
0%
Skopje
0%
Sofia
0%
Stockholm
0%
Taipei
0%
Tallinn
0%
Tashkent
0%
Tbilisi
0%
Tegucigalpa
0%
Tehran
0%
Thimphu
0%
Tirana
0%
Tokyo
0%
Tripoli
0%
Tunis
0%
Ulaanbaatar
0%
Vaduz
0%
Victoria
0%
Vienna
0%
Vientiane
0%
Vilnius
0%
Warsaw
0%
Washington D.C.
0%
Wellington
0%
Windhoek
0%
Yamoussoukro
0%
Yaoundé
0%
Yaren
0%
Zagreb
0%
No matching quizzes found
Score Distribution
Percent of People with Each Score
Percentile by Number Answered
Your Score History
You have not taken this quiz